000 00622nam a22002177a 4500
003 OSt
005 20140311163044.0
008 140111b xxu||||| |||| 00| 0 eng d
020 _a046503135
050 _aGN 281
_b.L39 1994
100 _aLeakey, Richard
_930549
245 _aThe Origin of Humankind /
_cRichard Leakey.
260 _aNew york :
_bHarperCollins Pub.,
_c1994.
300 _a171p. :
_bill. ;
_c20 cm.
500 _aIncludes bibliographical references index
651 _2The First Human
651 _2Different kind of human
651 _2Origins of Modern Human
942 _2lcc
_cHS
999 _c39813
_d39813